Consonnes simples de l'alphabet coréen - Statistiques

Statistiques générales
  • Ce quiz a été pris 43 fois
  • Le résultat moyen est 13 sur 14
Statistiques - réponses
Hint Réponse % Correct
[b] / [p]
100%
[h]
100%
[k] / [g]
100%
[n]
100%
[p]
100%
[r] / [l]
100%
[s] / [sh] - tsh
100%
[t]
100%
[t] / [d]
100%
[m]
97%
[k]
94%
[j] - dj
92%
[ch] - tch
81%
silent
3%
Aucun quiz correspondant
Distribution des résultats
% des personnes avec chaque résultat
Percentile par nombre de réponses
Votre historique - résultats
Vous n’avez pas pris ce quiz